DANGEROUS RELATIONS (Record no. 216387)

MARC details
000 -LEADER
fixed length control field 00371nam a22001457a 4500
008 - FIXED-LENGTH DATA ELEMENTS--GENERAL INFORMATION
fixed length control field 251223b |||||||| |||| 00| 0 eng d
020 ## - INTERNATIONAL STANDARD BOOK NUMBER
International Standard Book Number 9781906381479
050 ## - LIBRARY OF CONGRESS CALL NUMBER
Classification number HQ 32 .P452009
Item number C.2
100 ## - MAIN ENTRY--PERSONAL NAME
Personal name Pelt Nancy Van
245 ## - TITLE STATEMENT
Title DANGEROUS RELATIONS
260 ## - PUBLICATION, DISTRIBUTION, ETC.
Place of publication, distribution, etc. Lincolnshire
Name of publisher, distributor, etc. Autumn House
Date of publication, distribution, etc. 2009
300 ## - PHYSICAL DESCRIPTION
Extent INC. ILL,
942 ## - ADDED ENTRY ELEMENTS (KOHA)
Source of classification or shelving scheme Library of Congress Classification
Koha item type Long Loan Book
Holdings
Withdrawn status Lost status Source of classification or shelving scheme Damaged status Not for loan Collection Home library Current library Shelving location Date acquired Inventory number Total checkouts Full call number Barcode Date last seen Copy number Price effective from Koha item type
    Library of Congress Classification     Arts & Social Sciences Kisii University Library Kisii University Library On Display 12/23/2025 28998   HQ 32 .P45 2009 000000015954 12/23/2025 7 12/23/2025 Long Loan Book
    Library of Congress Classification     Arts & Social Sciences Kisii University Library Kisii University Library On Display 12/23/2025 28995   HQ 32 .P45 2009 000000017859 12/23/2025 4 12/23/2025 Long Loan Book
    Library of Congress Classification     Arts & Social Sciences Kisii University Library Kisii University Library On Display 12/23/2025 28997   HQ 32 .P45 2009 000000017862 12/23/2025 6 12/23/2025 Long Loan Book
    Library of Congress Classification     Arts & Social Sciences Kisii University Library Kisii University Library On Display 04/29/2026 000028994   HQ 32 .P 45 2009 A001823 04/29/2026 3 04/29/2026 Long Loan Book